Młodzieżowe słowa roku - Statystyki

Ogólne statystyki
  • Ten quiz został rozwiązany 73 razy
    6 od ostatniego zresetowania
  • Średni wynik to 3 z 9
Statystyki odpowiedzi
Rok Słowo % Poprawnych
2024 Sigma
80%
2025 Szponcić
60%
2017 xD
40%
2022 Essa
20%
2023 Rel
20%
2021 Śpiulkolot
20%
2016 Sztos
20%
2019 Alternatywka
0%
2018 Dzban
0%
Nie znaleziono quizów pasujących do podanych kryteriów
Rozkład punktacji
Procent ludzi z każdym wynikiem
Percentyl według liczby udzielonych odpowiedzi
Twoja historia wyników
Nie rozwiązałeś tego quizu od ostatniego zresetowania